El milenio huérfano: ensayos para una nueva cultura política
Sparad:
| Huvudupphovsman: | |
|---|---|
| Materialtyp: | Bok |
| Språk: | spanska |
| Publicerad: |
Madrid
Editorial Trotta
2011
|
| Upplaga: | 2a. ed |
| Serie: | Ilsa
|
| Ämnen: | |
| Taggar: |
Lägg till en tagg
Inga taggar, Lägg till första taggen!
|
MARC
| LEADER | 00000cam a2200000 a 4500 | ||
|---|---|---|---|
| 001 | UCD8897 | ||
| 003 | CL-VaPUC | ||
| 008 | 170527e20110000sp |||||||||||||||||spa|d | ||
| 020 | |a 9788498792331 | ||
| 082 | 0 | 4 | |a 306.42 |b SAN |2 21 |
| 100 | 0 | |a Santos, Boaventura de Sousa |e author |9 592473 | |
| 245 | 1 | 3 | |a El milenio huérfano: ensayos para una nueva cultura política |
| 250 | |a 2a. ed | ||
| 300 | |a 312 p | ||
| 942 | |c BK | ||
| 945 | |d 20170527 00:32:00 |a arojas | ||
| 260 | |a Madrid |b Editorial Trotta |c 2011 | ||
| 650 | 0 | |a Cultura política |9 257401 | |
| 650 | 0 | |a Sociología política |9 255920 | |
| 650 | 0 | |a Democracia |9 255256 | |
| 650 | 0 | |a Aspectos políticos |9 257400 | |
| 650 | 0 | |a Globalización |9 361930 | |
| 583 | |a last modification |c 20170527 00:32:00 |k Rodrigo Vera | ||
| 490 | 0 | |a Ilsa | |
| 999 | |c 368203 |d 368201 | ||
| 952 | |0 0 |1 0 |3 erb |4 0 |6 306_420000000000000_SAN_2011 |7 0 |8 A |9 483474 |a BIBEDU |b BIBEDU |i 5377838 |o 306.42 SAN 2011 |p 5377838 |r 2019-11-24 |w 2019-11-24 |y BK |z Catalogado en:20170527 |k FIL | ||